L' homme le monde l'histoire
Saved in:
| Format: | Bog |
|---|---|
| Sprog: | fransk |
| Udgivet: |
París
B. Arthaud
1948
|
| Serier: | Cahiers du Collége Philosophique
|
| Fag: | |
| Tags: |
Tilføj Tag
Ingen Tags, Vær først til at tagge denne postø!
|
MARC
| LEADER | 00000nam a2200000 a 4500 | ||
|---|---|---|---|
| 001 | UCZ4002 | ||
| 003 | CL-VaPUC | ||
| 008 | 951027e19480000FR |||||||||||||||||fre|d | ||
| 082 | 0 | 4 | |a 128 |b LHO |2 21 |
| 245 | 1 | 3 | |a L' homme le monde l'histoire |
| 300 | |a 249 p | ||
| 942 | |c BK | ||
| 945 | |d 19951027 00:00:00 |a lriquelm | ||
| 260 | |a París |b B. Arthaud |c 1948 | ||
| 650 | 0 | |a Antropología |9 233030 | |
| 650 | 0 | |a Historia |9 255047 | |
| 650 | 7 | |a HOMBRE |2 CL-VaPUC |9 262149 | |
| 650 | 0 | |a Naturaleza humana |9 308593 | |
| 650 | 0 | |a Escuelas filosóficas |9 266232 | |
| 650 | 0 | |a Cosmología |9 269138 | |
| 583 | |a last modification |c 19951027 00:00:00 |k Rodrigo Vera | ||
| 490 | 0 | |a Cahiers du Collége Philosophique | |
| 999 | |c 240441 |d 240439 | ||
| 952 | |0 0 |1 0 |4 0 |6 128_000000000000000_LHO_1948 |7 0 |8 P |9 252309 |a BIBEDU |b BIBEDU |c BIBEDU_PB |d 2019-11-18 |i 1593579 |o 128 LHO 1948 |p 1593579 |r 2024-01-25 |w 2019-11-18 |y BK |k FIL | ||